000
00348nam a2200169Ia 4500
100
_a
Rackley/Steve
650
_a
Networking
942
_c
BK
366
_f
25
654
_a
networking
245
_a
Networking in easy steps
260
_b
Dream tech
_a
Mumbai
_c
2008
082
_a
384.5
_b
RAC
300
_a
92
546
_a
ENGLISH
999
_c
35026
_d
35026